00769nam a2200253 a 4500001001300000003000900013005001700022008004100039020001000080082001300090100001300103245003800116260004800154300000800202500003500210505001300245650002800258700001300286902000800299942000700307952009300314952009300407999001500500nice12345678IN_TiNIC20260116011428.0050524s1929 laha grp 000 0 urd  ac10000a244bKAY aKay, F E aKhufiya Shagird, Secret Disciples aLahorebPunjab Religious Booksociety c1929 a16p aincludes index and biblioraphy2 aAppendix aChristianity-Miscellany1 aKay, F E bSRS cBK 00104070aHMIbHMId2016-04-22g100.00l0o244 KAYp4206r0000-00-00w2026-01-16yARB 00104070aHMIbHMId2016-04-22g100.00l0o244 KAYp4960r0000-00-00w2026-01-16yARB c1440d1440